[Event "XIX Festival A"]
[Site "Porto San Giorgio ITA"]
[Date "2007.08.27"]
[Round "7"]
[White "Rigo, Janos"]
[Black "Sacchini, Marco"]
[Result "1-0"]
[WhiteElo "2292"]
[BlackElo "2116"]
[PlyCount "53"]
[EventDate "2007.08.21"]

1. e4 g6 2. d4 Bg7 3. f4 d6 4. c3 Nf6 5. e5 dxe5 6. fxe5 Nd5 7. Nf3 O-O 8. Be2
c5 9. dxc5 Nc6 10. O-O Nxe5 11. Nxe5 Bxe5 12. Bh6 Bg7 13. Bxg7 Kxg7 14. Qd4+
Nf6 15. Bf3 Qc7 16. Na3 Bd7 17. Rae1 Rfe8 18. Nc4 Bb5 19. Rf2 Bxc4 20. Qxc4
Rac8 21. b4 Rf8 22. a4 e5 23. Ref1 Nd7 24. Bxb7 Qxb7 25. Rxf7+ Rxf7 26. Rxf7+
Kh8 27. Qh4 1-0

[Event "XIX Festival A"]
[Site "Porto San Giorgio ITA"]
[Date "2007.08.27"]
[Round "7"]
[White "Stromboli, Carlo"]
[Black "Castaldo, Folco"]
[Result "0-1"]
[WhiteElo "2229"]
[BlackElo "2345"]
[PlyCount "90"]
[EventDate "2007.08.21"]

1. e4 e6 2. d4 d5 3. Nc3 Nf6 4. exd5 exd5 5. a3 a5 6. Bd3 Be7 7. h3 O-O 8. Nge2
Nbd7 9. Nf4 c6 10. Qf3 Re8 11. O-O a4 12. Nce2 Ne4 13. Ng3 Ng5 14. Qd1 Nf8 15.
Re1 g6 16. Bd2 Bd7 17. c4 dxc4 18. Bxc4 Nge6 19. d5 Nxf4 20. Bxf4 cxd5 21. Qxd5
Be6 22. Qxb7 Bxc4 23. Rad1 Bf6 24. Ne4 Qe7 25. Qc6 Bxb2 26. Qxc4 Qxa3 27. Re3
Qe7 28. Nd6 Qd7 29. Red3 Qe6 30. Qc2 Reb8 31. Nc4 Rb4 32. Nxb2 Rxf4 33. Re3 Qf6
34. Nd3 Rd4 35. Nc5 Rxd1+ 36. Qxd1 a3 37. Nb3 a2 38. Re1 Ne6 39. Na1 Rb8 40.
Qc1 Rb1 41. Qxb1 axb1=Q 42. Rxb1 Nd4 43. Nb3 Ne2+ 44. Kf1 Qa6 45. Ke1 Nf4 0-1

[Event "XIX Festival A"]
[Site "Porto San Giorgio ITA"]
[Date "2007.08.27"]
[Round "7"]
[White "Sulava, Nenad"]
[Black "Bogza Hamdouchi, Adina-Maria"]
[Result "1-0"]
[WhiteElo "2544"]
[BlackElo "2287"]
[PlyCount "87"]
[EventDate "2007.08.21"]

1. e4 g6 2. d4 Bg7 3. Nf3 c5 4. dxc5 Qa5+ 5. c3 Qxc5 6. Be3 Qc7 7. Nd4 Nc6 8.
g3 d6 9. Bg2 Nf6 10. h3 O-O 11. O-O a6 12. Na3 Bd7 13. Qd2 Rac8 14. Rac1 Qb8
15. Bh6 b5 16. Bxg7 Kxg7 17. Nac2 Qb6 18. Ne3 b4 19. Ne2 Ne5 20. Kh1 Qb5 21.
cxb4 Qd3 22. Rcd1 Bb5 23. Nf5+ gxf5 24. Qg5+ Kh8 25. Rxd3 Bxd3 26. Re1 Bxe4 27.
Nc3 Rg8 28. Qe3 f4 29. Qxf4 Bxg2+ 30. Kxg2 Nd3 31. Qd2 Nxe1+ 32. Qxe1 Rc7 33.
Qd2 d5 34. b5 axb5 35. Nxb5 Rc5 36. a4 Ne4 37. Qd4+ f6 38. Nc3 e5 39. Qb4 Rc4
40. Qe7 Nxc3 41. Qxf6+ Rg7 42. bxc3 d4 43. Qd8+ Rg8 44. Qd5 1-0

[Event "XIX Festival A"]
[Site "Porto San Giorgio ITA"]
[Date "2007.08.27"]
[Round "7"]
[White "Trent, Lawrence"]
[Black "Marholev, Dimitar"]
[Result "1/2-1/2"]
[WhiteElo "2458"]
[BlackElo "2402"]
[PlyCount "84"]
[EventDate "2007.08.21"]

1. e4 e5 2. Nf3 Nc6 3. Bb5 a6 4. Ba4 Nf6 5. O-O Be7 6. Re1 b5 7. Bb3 d6 8. c3
Na5 9. Bc2 c5 10. d4 Qc7 11. Nbd2 O-O 12. Nf1 cxd4 13. cxd4 Bg4 14. Ne3 Bxf3
15. Qxf3 Nc6 16. d5 Nd4 17. Qd1 Nxc2 18. Nxc2 a5 19. Qd3 b4 20. Bd2 Nd7 21.
Rac1 Qb8 22. Ne3 Nc5 23. Rxc5 dxc5 24. Nf5 Bf6 25. Qc4 Rc8 26. Re3 Qb6 27. Rg3
Qa6 28. Qc1 Kh8 29. d6 Rd8 30. Bg5 Rxd6 31. Nxd6 Qxd6 32. Bxf6 gxf6 33. h3 Rg8
34. Rf3 Qd4 35. Qh6 Qd8 36. Rxf6 Rg6 37. Rxg6 fxg6 38. Qc1 Qd4 39. Qg5 c4 40.
Qe7 Kg8 41. Qe8+ Kg7 42. Qe7+ Kg8 1/2-1/2

[Event "XIX Festival A"]
[Site "Porto San Giorgio ITA"]
[Date "2007.08.27"]
[Round "7"]
[White "Vuelban, Virgilio"]
[Black "Komarov, Dimitri"]
[Result "0-1"]
[WhiteElo "2332"]
[BlackElo "2550"]
[PlyCount "30"]
[EventDate "2007.08.21"]

1. e4 e6 2. d4 d5 3. Nc3 Nf6 4. e5 Nfd7 5. f4 c5 6. Nf3 Nc6 7. Be3 Be7 8. Qd2
O-O 9. dxc5 Bxc5 10. Bxc5 Nxc5 11. Bd3 Qb6 12. O-O-O Nb4 13. Kb1 Bd7 14. Qf2
Rfc8 15. Ka1 Nb3+ 0-1

[Event "XIX Festival A"]
[Site "Porto San Giorgio ITA"]
[Date "2007.08.28"]
[Round "8"]
[White "Bontempi, Piero"]
[Black "Trent, Lawrence"]
[Result "1/2-1/2"]
[WhiteElo "2349"]
[BlackElo "2458"]
[PlyCount "100"]
[EventDate "2007.08.21"]

1. e4 e5 2. Nf3 Nc6 3. d4 exd4 4. Nxd4 Nf6 5. Nxc6 bxc6 6. Nd2 d6 7. Bd3 g6 8.
b3 Bg7 9. Bb2 O-O 10. O-O Re8 11. f4 Nxe4 12. Bxg7 Nxd2 13. Qxd2 Kxg7 14. Qc3+
f6 15. Qxc6 Bd7 16. Qc3 c6 17. a4 Qb6+ 18. Kh1 a5 19. Rae1 d5 20. Qd2 c5 21.
Be4 dxe4 22. Qxd7+ Kh8 23. f5 g5 24. Re3 Qa7 25. Rd1 Qxd7 26. Rxd7 Red8 27.
Rxd8+ Rxd8 28. Kg1 Rd4 29. Rc3 Rd5 30. g4 Rd2 31. Rxc5 e3 32. Kf1 Rxh2 33. Rxa5
h5 34. gxh5 g4 35. Ra8+ Kg7 36. Re8 Rxc2 37. Re4 Rf2+ 38. Kg1 Kh6 39. Rxg4 Kxh5
40. Re4 Rb2 41. Rxe3 Kg4 42. Re4+ Kg3 43. Re3+ Kf4 44. Re6 Rxb3 45. Rxf6 Ra3
46. Rh6 Kxf5 47. Rh4 Ke5 48. Kf2 Kd5 49. Ke2 Kc5 50. Kd2 Kb6 1/2-1/2

[Event "XIX Festival A"]
[Site "Porto San Giorgio ITA"]
[Date "2007.08.28"]
[Round "8"]
[White "Calavalle, Giulio"]
[Black "Rendle, Thomas E."]
[Result "1/2-1/2"]
[WhiteElo "2212"]
[BlackElo "2416"]
[PlyCount "48"]
[EventDate "2007.08.21"]

1. e4 e6 2. Nf3 d5 3. exd5 exd5 4. d4 Nc6 5. c3 Bd6 6. Bd3 Nge7 7. Nbd2 Bg4 8.
O-O Qd7 9. Re1 f6 10. Qc2 O-O-O 11. b4 Rde8 12. a4 h5 13. Ba3 g5 14. a5 Kd8 15.
b5 Nb8 16. Bc5 Nc8 17. Reb1 h4 18. c4 Be6 19. cxd5 Bxd5 20. Ne4 Rh6 21. Nxd6
cxd6 22. Bf5 Be6 23. Bxe6 Rxe6 24. d5 Re8 1/2-1/2

[Event "XIX Festival A"]
[Site "Porto San Giorgio ITA"]
[Date "2007.08.28"]
[Round "8"]
[White "Castaldo, Folco"]
[Black "Naumkin, Igor"]
[Result "1/2-1/2"]
[WhiteElo "2345"]
[BlackElo "2490"]
[PlyCount "98"]
[EventDate "2007.08.21"]

1. d4 Nf6 2. c4 e6 3. Nc3 Bb4 4. e3 c5 5. Nge2 d5 6. a3 Bxc3+ 7. Nxc3 cxd4 8.
exd4 dxc4 9. Bxc4 Nc6 10. Be3 O-O 11. O-O h6 12. Re1 Ne7 13. Qf3 Nf5 14. Rad1
Nxe3 15. Qxe3 Qc7 16. Ba2 Qb6 17. Re2 Qa6 18. d5 exd5 19. Nxd5 Bg4 20. f3 Nxd5
21. Bxd5 Bd7 22. Red2 Rae8 23. Qd4 Be6 24. Bxe6 Rxe6 25. h3 Rfe8 26. Qd3 Qa5
27. Qd5 Qc7 28. Qd7 Qg3 29. Rf1 Re1 30. Rdf2 R1e7 31. Qg4 Qd6 32. f4 Qb6 33.
Kh2 Re4 34. Qd7 Re2 35. Rxe2 Rxe2 36. b4 Re3 37. a4 Re4 38. a5 Qxb4 39. Qc8+
Qf8 40. Qxb7 Re7 41. Qb5 Qd8 42. Rb1 Qd4 43. Rb4 Qd2 44. Qc5 Re6 45. Rd4 Qe1
46. f5 Re8 47. f6 g6 48. Rd7 Qa1 49. Re7 Rf8 1/2-1/2

[Event "XIX Festival A"]
[Site "Porto San Giorgio ITA"]
[Date "2007.08.28"]
[Round "8"]
[White "Georgiev, Vladimir"]
[Black "Eperjesi, Laszlo"]
[Result "1-0"]
[WhiteElo "2568"]
[BlackElo "2264"]
[PlyCount "35"]
[EventDate "2007.08.21"]

1. d4 Nf6 2. c4 e6 3. Nf3 d5 4. Bg5 Bb4+ 5. Nc3 c6 6. Qc2 h6 7. Bxf6 Qxf6 8. e4
dxe4 9. Qxe4 Bxc3+ 10. bxc3 Qf5 11. Qxf5 exf5 12. Kd2 Kd8 13. Bd3 Be6 14. Rhe1
Nd7 15. Nh4 f4 16. Ng6 fxg6 17. Rxe6 g5 18. Rae1 1-0

[Event "XIX Festival A"]
[Site "Porto San Giorgio ITA"]
[Date "2007.08.28"]
[Round "8"]
[White "Jovanic, Ognjen"]
[Black "Kononenko, Tatiana"]
[Result "1/2-1/2"]
[WhiteElo "2491"]
[BlackElo "2393"]
[PlyCount "115"]
[EventDate "2007.08.21"]

1. c4 e5 2. Nc3 Nc6 3. g3 Bc5 4. Bg2 d6 5. e3 a6 6. Nge2 Nge7 7. b3 Ba7 8. Bb2
Bf5 9. d3 Qd7 10. Nd5 O-O 11. O-O Nxd5 12. cxd5 Ne7 13. d4 f6 14. Rc1 Rac8 15.
e4 Bh3 16. Qd3 Bb6 17. f4 c5 18. dxc5 Bxc5+ 19. Kh1 Bxg2+ 20. Kxg2 b5 21. h3
Rc7 22. Rc2 Rfc8 23. Rfc1 Bb6 24. Rxc7 Rxc7 25. f5 Rxc1 26. Bxc1 Qc7 27. Qc3
Qxc3 28. Nxc3 Kf7 29. g4 g5 30. h4 h6 31. hxg5 fxg5 32. a4 bxa4 33. Nxa4 Bc7
34. Nb2 Ng8 35. Nc4 Nf6 36. Kf3 Ke7 37. Bd2 Kd7 38. Bb4 Ne8 39. Ne3 Nf6 40. Nf1
Bb6 41. Ng3 Ke7 42. Ba3 Bd4 43. Bc1 Bc5 44. Bd2 Bb6 45. Bb4 Ba7 46. Nh5 Nxh5
47. gxh5 Bc5 48. Ba5 Bd4 49. Bc7 Bc5 50. Kg4 Bb4 51. Kf3 Bc5 52. Ba5 Bd4 53.
Ke2 Bc5 54. Kd3 Bf2 55. Kd2 Bd4 56. Ke2 Bc5 57. Kf3 Bd4 58. Ke2 1/2-1/2

[Event "XIX Festival A"]
[Site "Porto San Giorgio ITA"]
[Date "2007.08.28"]
[Round "8"]
[White "Komarov, Dimitri"]
[Black "Horvath, Peter"]
[Result "0-1"]
[WhiteElo "2550"]
[BlackElo "2445"]
[PlyCount "80"]
[EventDate "2007.08.21"]

1. c4 e6 2. Nc3 d5 3. d4 Bb4 4. e3 c5 5. a3 Bxc3+ 6. bxc3 Ne7 7. Nf3 Qc7 8.
cxd5 exd5 9. a4 c4 10. Ba3 O-O 11. Nd2 Re8 12. Be2 f5 13. O-O Ng6 14. Re1 Nd7
15. f3 Nf6 16. e4 fxe4 17. fxe4 dxe4 18. Bxc4+ Kh8 19. Bb5 Bd7 20. Bxd7 Qxd7
21. Nc4 Rad8 22. Qc2 Qc7 23. Ne3 Nf4 24. Rad1 Nd3 25. Re2 Rd7 26. Bb2 Rc8 27.
c4 Qb6 28. Bc3 Nf4 29. Red2 Nd3 30. Kh1 Rf7 31. Qb1 Qc7 32. Rf1 Rcf8 33. Rdd1
Nh5 34. Rxf7 Rxf7 35. Rf1 Nhf4 36. Qd1 Qe7 37. Qg4 h5 38. Qg3 Ne2 39. Qb8+ Kh7
40. Rf5 Rxf5 0-1

[Event "XIX Festival A"]
[Site "Porto San Giorgio ITA"]
[Date "2007.08.28"]
[Round "8"]
[White "Korneev, Oleg"]
[Black "Marholev, Dimitar"]
[Result "1-0"]
[WhiteElo "2565"]
[BlackElo "2402"]
[PlyCount "69"]
[EventDate "2007.08.21"]

1. e4 e5 2. Nf3 Nc6 3. d4 exd4 4. Nxd4 Nf6 5. Nxc6 bxc6 6. e5 Ne4 7. Qf3 Ng5 8.
Qg3 Ne6 9. Bd3 d6 10. O-O Nc5 11. Bg5 Qd7 12. Nd2 d5 13. h3 h6 14. Be3 d4 15.
Bf4 g5 16. e6 Nxe6 17. Be5 Bg7 18. Bxg7 Nxg7 19. Qe5+ Kf8 20. f4 Qd5 21. Qf6
Qd6 22. fxg5 Qxf6 23. Rxf6 hxg5 24. Raf1 Be6 25. Bc4 Kg8 26. Bxe6 fxe6 27. Ne4
g4 28. hxg4 Rh4 29. Rg6 Rf8 30. Nf6+ Kf7 31. Rg5 Rfh8 32. Nd7+ Kg8 33. Rf8+ Kh7
34. Rf7 Rg8 35. Nf6+ 1-0

[Event "XIX Festival A"]
[Site "Porto San Giorgio ITA"]
[Date "2007.08.28"]
[Round "8"]
[White "Krivoshey, Sergei"]
[Black "Miezis, Normunds"]
[Result "1/2-1/2"]
[WhiteElo "2500"]
[BlackElo "2524"]
[PlyCount "20"]
[EventDate "2007.08.21"]

1. Nf3 c5 2. c3 d5 3. d4 e6 4. Bf4 Bd6 5. Bxd6 Qxd6 6. e3 Nf6 7. Nbd2 Nc6 8.
Bd3 O-O 9. O-O e5 10. dxe5 Nxe5 1/2-1/2

[Event "XIX Festival A"]
[Site "Porto San Giorgio ITA"]
[Date "2007.08.28"]
[Round "8"]
[White "Ninov, Nikolai Ivanov"]
[Black "Farago, Ivan"]
[Result "1/2-1/2"]
[WhiteElo "2536"]
[BlackElo "2501"]
[PlyCount "33"]
[EventDate "2007.08.21"]

1. e4 e6 2. d4 d5 3. Nc3 Bb4 4. e5 c5 5. Bd2 Ne7 6. Nb5 Bxd2+ 7. Qxd2 O-O 8.
dxc5 Nd7 9. f4 Nxc5 10. Nd4 Qb6 11. O-O-O Bd7 12. Bd3 Rfc8 13. Nge2 a6 14. Kb1
Bb5 15. Rc1 Bxd3 16. cxd3 Nd7 17. Rxc8+ 1/2-1/2

[Event "XIX Festival A"]
[Site "Porto San Giorgio ITA"]
[Date "2007.08.28"]
[Round "8"]
[White "Rausis, Igors"]
[Black "Mrdja, Milan"]
[Result "1-0"]
[WhiteElo "2524"]
[BlackElo "2385"]
[PlyCount "55"]
[EventDate "2007.08.21"]

1. d4 Nf6 2. Nf3 g6 3. c4 Bg7 4. g3 O-O 5. Bg2 c6 6. Nc3 d5 7. Qb3 e6 8. O-O
Nbd7 9. Bf4 Re8 10. Rfe1 Nh5 11. Bg5 Qb6 12. e4 dxc4 13. Qxc4 Qxb2 14. a4 Qb6
15. a5 Qc7 16. e5 f6 17. g4 fxg5 18. gxh5 g4 19. Ng5 Nf8 20. hxg6 Nxg6 21. Be4
Nf8 22. Nb5 Qe7 23. Nd6 Rd8 24. Ngf7 Rd7 25. a6 Qh4 26. axb7 Bxb7 27. Reb1 Rb8
28. Rxa7 1-0

[Event "XIX Festival A"]
[Site "Porto San Giorgio ITA"]
[Date "2007.08.28"]
[Round "8"]
[White "Stromboli, Ettore"]
[Black "Di Caro, Calogero"]
[Result "1/2-1/2"]
[WhiteElo "2233"]
[BlackElo "2366"]
[PlyCount "62"]
[EventDate "2007.08.21"]

1. e4 c5 2. Nf3 Nc6 3. d4 cxd4 4. Nxd4 g6 5. c4 Nf6 6. Nc3 d6 7. Be2 Nxd4 8.
Qxd4 Bg7 9. Be3 O-O 10. Qd2 a5 11. O-O a4 12. Rac1 Qa5 13. Rfd1 Be6 14. b4 axb3
15. axb3 Rfc8 16. f3 Nd7 17. Nd5 Qxd2 18. Rxd2 Kf8 19. b4 Ra3 20. Kf2 Ke8 21.
Rdc2 f5 22. c5 dxc5 23. bxc5 fxe4 24. fxe4 Nf6 25. Nxf6+ Bxf6 26. c6 bxc6 27.
Rxc6 Rxc6 28. Rxc6 Kf7 29. Bc4 Bxc4 30. Rxc4 Ra2+ 31. Kf3 Be5 1/2-1/2

[Event "XIX Festival A"]
[Site "Porto San Giorgio ITA"]
[Date "2007.08.29"]
[Round "9"]
[White "Castaldo, Folco"]
[Black "Jovanic, Ognjen"]
[Result "1/2-1/2"]
[WhiteElo "2345"]
[BlackElo "2491"]
[PlyCount "34"]
[EventDate "2007.08.21"]

1. d4 d5 2. c4 c6 3. Nc3 Nf6 4. cxd5 cxd5 5. Bf4 Nc6 6. e3 a6 7. Bd3 e6 8. Rc1
Bd6 9. Bxd6 Qxd6 10. f4 b5 11. Nf3 Bb7 12. O-O O-O 13. Ne5 Ne7 14. Qf3 Nd7 15.
Qh5 Nf6 16. Qf3 Nd7 17. Qh5 Nf6 1/2-1/2

[Event "XIX Festival A"]
[Site "Porto San Giorgio ITA"]
[Date "2007.08.29"]
[Round "9"]
[White "Di Caro, Calogero"]
[Black "Cerquitella, Luca"]
[Result "1-0"]
[WhiteElo "2366"]
[BlackElo "2196"]
[PlyCount "57"]
[EventDate "2007.08.21"]

1. e4 e5 2. Nf3 Nc6 3. Bc4 Nf6 4. d3 Bc5 5. c3 d6 6. Bb3 a6 7. O-O Ba7 8. h3 h6
9. Re1 O-O 10. Nbd2 Nh5 11. Nf1 Qf6 12. Be3 Nf4 13. Ng3 g5 14. Nh2 Ne7 15. d4
Neg6 16. Ng4 Bxg4 17. hxg4 Nh4 18. Nh5 Nxh5 19. gxh5 Kh8 20. dxe5 dxe5 21. Bxa7
Rxa7 22. Qg4 Qf4 23. Bd1 f5 24. Qxf4 gxf4 25. g3 Rg8 26. Kh2 f3 27. gxh4 Rg2+
28. Kh3 f4 29. Rf1 1-0

[Event "XIX Festival A"]
[Site "Porto San Giorgio ITA"]
[Date "2007.08.29"]
[Round "9"]
[White "Eperjesi, Laszlo"]
[Black "Cioara, Andrei Nestor"]
[Result "1-0"]
[WhiteElo "2264"]
[BlackElo "2430"]
[PlyCount "43"]
[EventDate "2007.08.21"]

1. d4 Nf6 2. Nf3 e6 3. c4 c5 4. e3 d5 5. Nc3 Nc6 6. cxd5 exd5 7. Be2 Be6 8. O-O
Be7 9. dxc5 Bxc5 10. b3 O-O 11. Bb2 a6 12. Rc1 Ba7 13. Na4 Qe7 14. Nd4 Bd7 15.
Nxc6 Bxc6 16. Bd4 Bxa4 17. bxa4 Bxd4 18. Qxd4 Qa3 19. Rb1 Rab8 20. Rb6 Qxa2 21.
Bd3 Rfc8 22. Ra1 1-0

[Event "XIX Festival A"]
[Site "Porto San Giorgio ITA"]
[Date "2007.08.29"]
[Round "9"]
[White "Estremera Panos, Sergio"]
[Black "Ninov, Nikolai Ivanov"]
[Result "1/2-1/2"]
[WhiteElo "2375"]
[BlackElo "2536"]
[PlyCount "29"]
[EventDate "2007.08.21"]

1. d4 Nf6 2. c4 e6 3. Nf3 b6 4. g3 Ba6 5. b3 b5 6. cxb5 Bxb5 7. Nc3 Bb4 8. Bd2
Bxc3 9. Bxc3 Bc6 10. Bg2 O-O 11. O-O a5 12. Ne5 Bxg2 13. Kxg2 Qc8 14. Qd3 Qa6
15. Qxa6 1/2-1/2

[Event "XIX Festival A"]
[Site "Porto San Giorgio ITA"]
[Date "2007.08.29"]
[Round "9"]
[White "Hamdouchi, Hichem"]
[Black "Zaja, Ivan"]
[Result "1-0"]
[WhiteElo "2576"]
[BlackElo "2464"]
[PlyCount "61"]
[EventDate "2007.08.21"]

1. e4 d6 2. d4 Nf6 3. Nc3 g6 4. Be3 Bg7 5. h3 Nc6 6. f4 O-O 7. e5 dxe5 8. dxe5
Qxd1+ 9. Rxd1 Nh5 10. Nge2 g5 11. g3 f6 12. exf6 Bxf6 13. fxg5 Be5 14. g4 Ng3
15. Nxg3 Bxg3+ 16. Kd2 Be6 17. Bg2 Ne5 18. b3 c6 19. Ne4 Bd5 20. Ke2 Bh4 21. c4
Bxe4 22. Bxe4 e6 23. Rhf1 a6 24. Rxf8+ Rxf8 25. Rd6 Re8 26. Bf4 Ng6 27. Bxg6
hxg6 28. Rd7 e5 29. Be3 b5 30. c5 Re6 31. Ra7 1-0

[Event "XIX Festival A"]
[Site "Porto San Giorgio ITA"]
[Date "2007.08.29"]
[Round "9"]
[White "Horvath, Peter"]
[Black "Rotstein, Arkadij"]
[Result "0-1"]
[WhiteElo "2445"]
[BlackElo "2515"]
[PlyCount "82"]
[EventDate "2007.08.21"]

1. d4 Nf6 2. c4 e6 3. Nf3 b6 4. Nc3 Bb7 5. Bg5 h6 6. Bh4 g5 7. Bg3 Nh5 8. e3
Nxg3 9. hxg3 Bg7 10. Qc2 Nc6 11. g4 Qe7 12. a3 O-O-O 13. Bd3 h5 14. gxh5 g4 15.
Nd2 Rh6 16. Nf1 f5 17. Ne2 e5 18. Nfg3 Qg5 19. Nxf5 exd4 20. Nxh6 Qxh6 21. e4
Ne5 22. Ng3 Rf8 23. Rd1 Rf4 24. Rd2 Qe6 25. Re2 Bh6 26. Kf1 c5 27. Kg1 a5 28.
Nf5 Kc7 29. Nxh6 Qxh6 30. Kf1 g3 31. f3 Qf6 32. Kg1 Rh4 33. Rxh4 Qxh4 34. Re1
Qxh5 35. f4 Ng4 36. Qd2 Nf2 37. Kf1 Qh1+ 38. Ke2 Qxg2 39. Qc1 Bxe4 40. Bxe4
Qxe4+ 41. Kf1 Qf3 0-1

[Event "XIX Festival A"]
[Site "Porto San Giorgio ITA"]
[Date "2007.08.29"]
[Round "9"]
[White "Marholev, Dimitar"]
[Black "Stromboli, Ettore"]
[Result "1/2-1/2"]
[WhiteElo "2402"]
[BlackElo "2233"]
[PlyCount "103"]
[EventDate "2007.08.21"]

1. e4 e6 2. d4 d5 3. Nd2 c5 4. Ngf3 Nc6 5. exd5 exd5 6. Bb5 Bd6 7. dxc5 Bxc5 8.
O-O Nge7 9. Nb3 Bd6 10. Bg5 O-O 11. Bh4 Bg4 12. Be2 Qb6 13. Bg3 Bxg3 14. hxg3
Nf5 15. Kh2 Rfe8 16. Bd3 Nh6 17. c3 Ne5 18. Be2 Nc4 19. Qc2 Bf5 20. Bd3 Ng4+
21. Kg1 Nce3 22. Qd2 Bxd3 23. Qxd3 Nxf1 24. Rxf1 Rad8 25. Nfd4 Qh6 26. Nf3 Ne5
27. Nxe5 Rxe5 28. g4 Qe6 29. f3 h5 30. Nd4 Qb6 31. f4 Re4 32. gxh5 Rde8 33. Qg3
Rxd4 34. cxd4 Qxd4+ 35. Qf2 Re4 36. Qxd4 Rxd4 37. g3 Kh7 38. Kg2 Kh6 39. g4
Rd2+ 40. Kg3 Rxb2 41. Re1 d4 42. Re8 Kh7 43. Rd8 Rxa2 44. Rxd4 Rb2 45. g5 f6
46. Rd7 fxg5 47. fxg5 Rb5 48. Kf4 Rb4+ 49. Kf5 Rb5+ 50. Kg4 Rb4+ 51. Kf5 Rb5+
52. Kg4 1/2-1/2

[Event "XIX Festival A"]
[Site "Porto San Giorgio ITA"]
[Date "2007.08.29"]
[Round "9"]
[White "Miezis, Normunds"]
[Black "Jones, Gawain C.B."]
[Result "0-1"]
[WhiteElo "2524"]
[BlackElo "2526"]
[PlyCount "164"]
[EventDate "2007.08.21"]

1. c4 e5 2. Nc3 Bb4 3. g3 Bxc3 4. dxc3 d6 5. e4 Nc6 6. Nf3 h6 7. Bg2 Be6 8. Qe2
Qd7 9. h3 Nge7 10. Nd2 a6 11. Nf1 b5 12. Ne3 Na5 13. b3 Rb8 14. f4 f6 15. O-O
bxc4 16. b4 Nb7 17. Rf2 a5 18. a3 c5 19. Nxc4 axb4 20. fxe5 Bxc4 21. Qxc4 dxe5
22. axb4 cxb4 23. Rd2 Nd6 24. Qc5 Nec8 25. cxb4 Rb5 26. Qc3 Qb7 27. Ba3 O-O 28.
Rad1 Rb6 29. b5 Nxb5 30. Qc5 Nxa3 31. Rd7 Qc6 32. Qxa3 Rb7 33. R7d3 Na7 34. Rd6
Qc7 35. Bf1 Rfb8 36. Qf3 Rb1 37. Rd7 Qc5+ 38. Kh1 Rxd1 39. Qxd1 Kh8 40. Qg4 Rg8
41. h4 Nc6 42. Rc7 Qc1 43. Kg2 Qd2+ 44. Qe2 Qd6 45. Rb7 Nd4 46. Qc4 f5 47. Bd3
f4 48. h5 Qf6 49. Qf7 Qg5 50. Qg6 f3+ 51. Kh3 Qc1 52. Qf7 Ne2 53. Kg4 Qg5+ 54.
Kxf3 Nd4+ 55. Kg2 Qd2+ 56. Kh3 Qxd3 57. Rb6 Qxe4 58. Rg6 Qh1+ 59. Kg4 Qd1+ 60.
Kh3 Qxh5+ 61. Kg2 Qf5 62. Qxf5 Nxf5 63. Re6 h5 64. Rxe5 g6 65. Kf3 Kg7 66. g4
hxg4+ 67. Kxg4 Kf6 68. Ra5 Rd8 69. Ra6+ Rd6 70. Ra8 Rd4+ 71. Kf3 Kg5 72. Ra1
Rd3+ 73. Kf2 Kf4 74. Ke2 Re3+ 75. Kf2 g5 76. Ra5 Re4 77. Ra2 g4 78. Kg2 Ne3+
79. Kh2 Kf3 80. Kg1 g3 81. Ra8 Rb4 82. Ra1 g2 0-1

[Event "XIX Festival A"]
[Site "Porto San Giorgio ITA"]
[Date "2007.08.29"]
[Round "9"]
[White "Naumkin, Igor"]
[Black "Michalczak, Thomas"]
[Result "1-0"]
[WhiteElo "2490"]
[BlackElo "2324"]
[PlyCount "75"]
[EventDate "2007.08.21"]

1. d4 d5 2. c4 c6 3. Nf3 Nf6 4. Nc3 dxc4 5. a4 Bf5 6. e3 e6 7. Bxc4 Bb4 8. O-O
Nbd7 9. Nh4 Bg4 10. f3 Bh5 11. g4 Bg6 12. Ng2 Qa5 13. Na2 Bd6 14. e4 e5 15. Kh1
O-O-O 16. b4 Bxb4 17. Nxb4 Qxb4 18. Qe2 Nb6 19. Bd3 Rxd4 20. Be3 Rhd8 21. Bxd4
Rxd4 22. a5 Na4 23. Ne3 Nc3 24. Qc2 Nfd5 25. Nxd5 Nxd5 26. a6 Ne3 27. axb7+
Qxb7 28. Qe2 Rxd3 29. Qxd3 Nxf1 30. Rd1 Qc7 31. Qxf1 f6 32. Qa6+ Kb8 33. Qa3 a5
34. Qc5 h5 35. Rb1+ Ka8 36. Rb6 Be8 37. Qxa5+ Qa7 38. Ra6 1-0

[Event "XIX Festival A"]
[Site "Porto San Giorgio ITA"]
[Date "2007.08.29"]
[Round "9"]
[White "Ranieri, Fabrizio"]
[Black "Andonov, Bogomil"]
[Result "0-1"]
[WhiteElo "2241"]
[BlackElo "2383"]
[PlyCount "66"]
[EventDate "2007.08.21"]

1. e4 c5 2. Nf3 Nc6 3. d4 cxd4 4. Nxd4 Qc7 5. Nc3 e6 6. Be3 Nf6 7. Be2 Be7 8.
O-O d6 9. f4 O-O 10. Kh1 a6 11. a4 Re8 12. Qe1 Nxd4 13. Bxd4 e5 14. Be3 exf4
15. Bxf4 Be6 16. Qg3 Nd7 17. Bg4 Ne5 18. Bxe6 fxe6 19. Bxe5 dxe5 20. Rf3 Rf8
21. Raf1 Rxf3 22. Rxf3 b5 23. Qg4 Qc6 24. Qh5 Bf6 25. Rh3 h6 26. Qg4 Kf7 27.
Rd3 bxa4 28. h3 Rb8 29. Nd1 Rb4 30. Qh5+ Ke7 31. Rc3 Rc4 32. Qe2 Rxc3 33. bxc3
a3 0-1

[Event "XIX Festival A"]
[Site "Porto San Giorgio ITA"]
[Date "2007.08.29"]
[Round "9"]
[White "Ruggeri, Pietro"]
[Black "La Manna, Andrea"]
[Result "1-0"]
[WhiteElo "2098"]
[BlackElo "2127"]
[PlyCount "61"]
[EventDate "2007.08.21"]

1. d4 f5 2. Bg5 g6 3. e3 Bg7 4. Nd2 d6 5. Bc4 Nc6 6. f4 Nf6 7. Ngf3 e6 8. c3 h6
9. Bh4 Qe7 10. Qe2 e5 11. dxe5 dxe5 12. e4 fxe4 13. Nxe4 Bg4 14. O-O-O Rd8 15.
Rhe1 Rxd1+ 16. Qxd1 g5 17. fxg5 Nxe4 18. Rxe4 Bf5 19. g6 Bf6 20. Bf7+ Kf8 21.
Bxf6 Qxf6 22. Re3 Kg7 23. Nd2 Rd8 24. Qe2 Qg5 25. Rg3 Qh4 26. Nf1 Qf4+ 27. Ne3
Bd3 28. Qf3 Qh4 29. Be8 Qe7 30. Qf7+ Qxf7 31. gxf7+ 1-0

[Event "XIX Festival A"]
[Site "Porto San Giorgio ITA"]
[Date "2007.08.29"]
[Round "9"]
[White "Sulava, Nenad"]
[Black "Bontempi, Piero"]
[Result "1-0"]
[WhiteElo "2544"]
[BlackElo "2349"]
[PlyCount "67"]
[EventDate "2007.08.21"]

1. c4 e5 2. g3 Nf6 3. Bg2 Nc6 4. Nc3 Bc5 5. e3 d5 6. cxd5 Nb4 7. d3 Nbxd5 8.
Nxd5 Nxd5 9. Nf3 Qe7 10. O-O O-O 11. a3 a5 12. Qc2 Bb6 13. b3 c6 14. Bb2 f6 15.
Nd2 Bg4 16. Kh1 f5 17. Rae1 Bh5 18. Nc4 Bc7 19. e4 fxe4 20. dxe4 Bg6 21. Qc1
Nf6 22. Qe3 Rfe8 23. f3 Nh5 24. Rd1 Nf6 25. Rd3 h5 26. h4 Nd7 27. Rfd1 Nc5 28.
R3d2 b5 29. Nd6 Ne6 30. Nxe8 Bxe8 31. b4 g5 32. Bh3 gxh4 33. Qb3 Kf7 34. f4 1-0

[Event "XIX Festival A"]
[Site "Porto San Giorgio ITA"]
[Date "2007.08.29"]
[Round "9"]
[White "Trent, Lawrence"]
[Black "Bentivegna, Francesco"]
[Result "1-0"]
[WhiteElo "2458"]
[BlackElo "2277"]
[PlyCount "99"]
[EventDate "2007.08.21"]

1. d4 f5 2. Nc3 Nf6 3. Bg5 d5 4. e3 e6 5. f4 Be7 6. Bxf6 Bxf6 7. Nf3 c5 8. Bb5+
Nc6 9. Bxc6+ bxc6 10. O-O O-O 11. Na4 c4 12. b3 a5 13. Ne5 Bxe5 14. dxe5 Qe7
15. Qd4 Ba6 16. Rfb1 Rfb8 17. Nc5 Rb5 18. Nxa6 Rxa6 19. bxc4 Rb4 20. Rxb4 Qxb4
21. a3 Qxc4 22. Qxc4 dxc4 23. Rb1 Ra7 24. Kf2 Kf7 25. Ke2 Ke7 26. Rd1 Rb7 27.
Rd6 Rb2 28. Kd2 Ra2 29. Rxc6 Rxa3 30. Rxc4 Ra1 31. Rc7+ Kf8 32. Rc8+ Kf7 33.
Rc7+ Kf8 34. c4 Ra2+ 35. Kd3 Rxg2 36. c5 Ke8 37. c6 Kd8 38. Rd7+ Kc8 39. h4 h5
40. Kc4 a4 41. Kc5 a3 42. Ra7 a2 43. Kd6 Kb8 44. Ra3 Rc2 45. Kxe6 Kc7 46. Kf7
Kxc6 47. e6 Kd6 48. e7 Rc7 49. Ra6+ Kd5 50. Kf8 1-0

[Event "XXVII Festival Conca della Presolana A"]
[Site "Bratto - Castione della Presolana ITA"]
[Date "2007.08.23"]
[Round "1"]
[White "Aagaard, Jacob"]
[Black "Griffa, Roberto"]
[Result "1-0"]
[WhiteElo "2467"]
[BlackElo "2121"]
[PlyCount "41"]
[EventDate "2007.08.23"]

1. e4 d5 2. exd5 Qxd5 3. Nf3 Nf6 4. d4 Bg4 5. Be2 e6 6. O-O c6 7. h3 Bh5 8. Bf4
Be7 9. c4 Qd8 10. Nc3 O-O 11. Re1 Nbd7 12. Ne5 Bxe2 13. Qxe2 Re8 14. Rad1 Qa5
15. Nxd7 Nxd7 16. d5 exd5 17. cxd5 Bf8 18. Qxe8 Rxe8 19. Rxe8 Nf6 20. dxc6 bxc6
21. Rb8 1-0